000 00615nam a2200217Ia 4500
005 20260429112125.0
008 260429s9999||||xx |||||||||||||| ||und||
020 _a9781041044109
041 _aEnglish
082 _a332.645
_bDEM
100 _aDempsey, Michael
245 0 _aFinancial risk management and derivative instruments /
_cMichael Dempsey
250 _a1st ed.
260 _aLondon :
_bRoutledge,
_c2025.
300 _axvi, 258 p.; pbk
440 _aRoutledge advanced texts in economics and finance
650 _a Instruments
650 _a Risk management
650 _aFinance
942 _cTB
999 _c52467
_d52467